| 000 | 00000nam 2200000za 4500 |
| 001 | 9.579046 |
| 003 | CaOODSP |
| 005 | 20230131161133 |
| 007 | cr ||||||||||| |
| 008 | 150406s2004||||xxcabo|fo f000 0 eng d |
| 020 | |q(paper)|z0-660-19090-7 |
| 040 | |aCaOODSP|beng |
| 041 | |aeng|bfre |
| 043 | |an-cn-nt |
| 086 | 1 |aM42-576E-PDF |
| 100 | 1 |aHenderson, John B. |
| 245 | 10|aGeology of the Wijinnedi Lake area, Northwest Territories |h[electronic resource] /|cJ.B. Henderson. |
| 260 | |aOttawa : |bNatural Resources Canada : |bGeological Survey of Canada, |c2004. |
| 300 | |a112 p. : |bfigs. (some coloured), graphs, maps (some coloured), photographs ; |eMap 2023A, "Geology, Wijinnedi Lake area, Northwest Territories" (1p.) |
| 490 | 1 |aBulletin / Geological Survey of Canada |v576 |
| 500 | |aThe catalogue number (M42-576E) and ISBN (0-660-19090-7) for the print edition have been copied in this electronic publication. |
| 500 | |aA-series map 2023A also catalogued separately (see Cat. number M48-2023AE-PDF). |
| 504 | |aIncludes bibliographical references. |
| 546 | |a(Résumé et Sommaire en français). |
| 590 | |a14-05-Supp|b2014-02-26 |
| 710 | 2 |aGeological Survey of Canada. |
| 776 | 0#|tGeology of the Wijinnedi Lake area, Northwest Territories / |w(CaOODSP)9.616885 |
| 830 | #0|aBulletin (Geological Survey of Canada)|v576|w(CaOODSP)9.504778 |
| 856 | 40|ahttp://publications.gc.ca|qPDF|s71,34 MB|uhttps://publications.gc.ca/Collection-R/GSC-CGC/M42E/576/GSC_B576.pdf |
| 856 | 40|ahttp://publications.gc.ca|qPDF|s8.04 MB|uhttps://publications.gc.ca/Collection-R/GSC-CGC/M42E/576/2023A.pdf|y576 |